LEADER 01141nam a2200265 i 4500 001 000000042093 003 CaOOAMICUS 005 19950511000000.0 008 950511s1994 it u000 u ita u 013 $a13263 020 $a88-215-2866-9 040 $aSeMil$bita 245 13$aLa crisi del Trecento e il papato avignonese (1274-1378) /$ca cura di Diego Quaglioni. 260 $aCinisello Balsamo :$bSan Paolo,$c1994. 300 $a535 p., [28] p. di tav. 650 4$aPapato - Storia - 1305-1378.$0(OLS)http://semarc/subject/8956 650 4$aScisma d'Occidente <1378-1418>.$0(OLS)http://semarc/subject/9604 700 1 $aQuaglioni, Diego,$d<1951- >.$0(OLS)http://semarc/name/20773 773 0 $tStoria della Chiesa.$g11$w()137 850 $aSeMil 852 $aSeMil$W1$xVenegono$y1$mSL1.F VII 11$j8248$B8248$CSeMilBibl$Z2$F8248 $8I 961 $aAcquisto: Casa editrice 996 $6020$a88-215-2866-9$9(OLS)http://semarc/number/13185 996 $6245$aLa crisi del Trecento e il papato avignonese (1274-1378)$9(OLS)http://semarc/title/61268 996 $6260$aCinisello Balsamo :$bSan Paolo$9(OLS)http://semarc/publisher/30129 LEADER 01545nam a2200289 i 4500 001 000000045196 003 CaOOAMICUS 005 20091106000000.0 008 091106s1985 sp u000 u spa u 013 $a16366 020 $a84-313-0908-3 040 $aSeMil$bita 245 10$aDios y el hombre :$b6. Simposio internacional de teologia de la Universidad de Navarra /$cedición dirigida por Antonio Aranda ... [et al.]. 260 $aPamplona :$bUniversidad de Navarra,$c1985. 490 0 $aColección teológica ;$v43 490 0 $aSimposios internacionales de teología de la Universidad de Navarra ;$v6 650 4$aUomo - Teologia cristiana.$0(OLS)http://semarc/subject/9600 650 4$aChiesa cattolica - Atti di congressi.$0(OLS)http://semarc/subject/9674 700 1 $aAranda, Antonio <1942- >.$0(OLS)http://semarc/name/17531 700 1 $aSimposio internacional de teología <6. ; 1984 ; Pamplona>.$0(OLS)http://semarc/name/22514 830 0$aColección teológica ;$v43.$0(OLS)http://semarc/title/5970 830 0$aSimposios internacionales de teología de la Universidad de Navarra ;$v6.$0(OLS)http://semarc/title/20186 850 $aSeMil 852 $aSeMil$W1$xVenegono$y1$m2B V 184$j11351$B11351$CSeMilBibl$Z2$F11351 $81 996 $6020$a84-313-0908-3$9(OLS)http://semarc/number/17321 996 $6245$aDios y el hombre :$b6. Simposio internacional de teologia de la Universidad de Navarra$9(OLS)http://semarc/title/67142 996 $6260$aPamplona :$bUniversidad de Navarra$9(OLS)http://semarc/publisher/30702